Radar design principles (signal processing and the environemnt) (Record no. 820286)

MARC details
000 -LEADER
fixed length control field 00658nam a2200217Ia 4500
008 - FIXED-LENGTH DATA ELEMENTS--GENERAL INFORMATION
fixed length control field 101110s9999 xx 000 0 und d
041 ## - LANGUAGE CODE
Language code of text/sound track or separate title ENGLISH
082 ## - DEWEY DECIMAL CLASSIFICATION NUMBER
Item number SR27735
100 ## - MAIN ENTRY--PERSONAL NAME
Personal name Nathanson Fred E., Reilly J.P.
245 ## - TITLE STATEMENT
Title Radar design principles (signal processing and the environemnt)
260 ## - PUBLICATION, DISTRIBUTION, ETC. (IMPRINT)
Date of publication, distribution, etc 2004
Name of publisher, distributor, etc Prentice Hall of India, New Delhi
300 ## - PHYSICAL DESCRIPTION
Extent 720
365 ## - TRADE PRICE
Price amount 350
520 ## - SUMMARY, ETC.
Summary, etc Physics
546 ## - LANGUAGE NOTE
Language note ENGLISH
630 ## - SUBJECT ADDED ENTRY--UNIFORM TITLE
Uniform title Radar design principles (signal processing and the environemnt)
650 ## - SUBJECT ADDED ENTRY--TOPICAL TERM
Topical term or geographic name as entry element Physics
655 ## - INDEX TERM--GENRE/FORM
Genre/form data or focus term Physics
730 ## - ADDED ENTRY--UNIFORM TITLE
Uniform title Radar design principles (signal processing and the environemnt)
942 ## - ADDED ENTRY ELEMENTS (KOHA)
Koha item type Book
Holdings
Withdrawn status Lost status Damaged status Not for loan Home library Current library Shelving location Date acquired Source of acquisition Cost, normal purchase price Shelving control number Total Checkouts Barcode Date last seen Price effective from Koha item type
        D. B. J. College, Chiplun D. B. J. College, Chiplun     Yogesh Prakashan, bill2565, dt.28/10/05 350.00     DBJSR27735 11/11/2010 11/11/2010 Book